Drainage of development sites (Record no. 104999)

MARC details
000 -LEADER
fixed length control field 01154cam a2200229 4500
001 - CONTROL NUMBER
control field ##L132060
008 - FIXED-LENGTH DATA ELEMENTS--GENERAL INFORMATION
fixed length control field 051222n2004 000 0 eng u
020 ## - INTERNATIONAL STANDARD BOOK NUMBER
International Standard Book Number 0860179001
035 ## - SYSTEM CONTROL NUMBER
System control number (Sirsi) u132060
041 0# - LANGUAGE CODE
Language code of text/sound track or separate title eng
050 ## - LIBRARY OF CONGRESS CALL NUMBER
Classification number 627.4 $2 18
100 1# - MAIN ENTRY--PERSONAL NAME
Personal name Kellagher, R.
245 00 - TITLE STATEMENT
Title Drainage of development sites
Remainder of title a guide
260 ## - PUBLICATION, DISTRIBUTION, ETC.
Place of publication, distribution, etc. London
Name of publisher, distributor, etc. CIRIA
Date of publication, distribution, etc. 2004
300 ## - PHYSICAL DESCRIPTION
Extent 206p.
Other physical details ill
Dimensions 30cm.
490 #0 - SERIES STATEMENT
Series statement CIRIA
Volume/sequential designation X108
520 ## - SUMMARY, ETC.
Summary, etc. Guide intended to assist all those involved with the foul and surface water drainage of development sites. Specifically aimed at developments in the UK based on national requirements and international best technical practice. Advises on:- the approach needed to obtain Town and Country Planning Act consent -- current good engineering practice for design and sewerage for new sites -- the issues affecting site drainage -- on hydraulic related engineering issues -- key industry documents.
690 ## - LOCAL SUBJECT ADDED ENTRY--TOPICAL TERM (OCLC, RLIN)
Topical term or geographic name as entry element ENVIRONMENTAL AND LAND CONSULTANCY-WATER RESOURCE MANAGEMENT-DRAINAGE
710 2# - ADDED ENTRY--CORPORATE NAME
Corporate name or jurisdiction name as entry element Construction Industry Research and Information Association
9 (RLIN) 4810
710 2# - ADDED ENTRY--CORPORATE NAME
Corporate name or jurisdiction name as entry element HR Wallingford Ltd
9 (RLIN) 4843
942 ## - ADDED ENTRY ELEMENTS (KOHA)
Suppress in OPAC 0
Holdings
Withdrawn status Lost status Source of classification or shelving scheme Damaged status Not for loan Home library Current library Shelving location Date acquired Total Checkouts Full call number Barcode Date last seen Copy number Price effective from Koha item type
    Dewey Decimal Classification     London London Folio 22/12/2005   F627.4 KEL 30071786 06/08/2019 1 06/08/2019 Book